Randomized Hangman - 8 Letters - Statistics

General Stats
  • This quiz has been taken 562 times
  • The average score is 4 of 8
Answer Stats
Code Word % Correct
A
100%
A
100%
A
100%
A
100%
A
100%
A
100%
A
100%
A
100%
A
100%
Word A
100%
A
100%
Word A
100%
A
100%
Word A
100%
Word A
100%
A
100%
Word A
100%
A
100%
Word A
100%
A
100%
Word A
100%
A
100%
Word A
100%
A
100%
Word A
100%
Word A
100%
A
100%
Word A
100%
Word A
100%
Word A
100%
A
100%
Word A
100%
Word A
100%
A
100%
Word A
100%
Word A
100%
A
100%
Word A
100%
Word A
100%
A
100%
Word A
100%
Word A
100%
Word A
100%
Word A
100%
A
100%
Word A
100%
Word A
100%
Word A
100%
A
100%
A
100%
A
100%
A
100%
A
100%
A
100%
A
100%
A
100%
A
100%
A
100%
A
100%
A
100%
A
100%
A
100%
A
100%
A
100%
A
100%
A
100%
A
100%
A
100%
A
100%
A
100%
A
100%
A
100%
A
100%
A
100%
A
100%
A
100%
A
100%
A
100%
A
100%
Word B
100%
C
100%
Word C
100%
Word C
100%
Word C
100%
Word C
100%
D
100%
D
100%
D
100%
E
100%
E
100%
E
100%
E
100%
E
100%
E
100%
E
100%
E
100%
E
100%
E
100%
E
100%
E
100%
E
100%
E
100%
E
100%
E
100%
E
100%
E
100%
E
100%
E
100%
E
100%
E
100%
E
100%
E
100%
E
100%
E
100%
E
100%
E
100%
E
100%
E
100%
E
100%
E
100%
E
100%
E
100%
E
100%
E
100%
E
100%
E
100%
E
100%
E
100%
E
100%
E
100%
E
100%
E
100%
E
100%
E
100%
E
100%
E
100%
E
100%
E
100%
E
100%
E
100%
E
100%
G
100%
G
100%
H
100%
I
100%
I
100%
I
100%
I
100%
I
100%
I
100%
I
100%
I
100%
I
100%
I
100%
I
100%
I
100%
I
100%
I
100%
I
100%
I
100%
I
100%
I
100%
I
100%
I
100%
I
100%
I
100%
I
100%
I
100%
I
100%
L
100%
L
100%
L
100%
L
100%
L
100%
L
100%
M
100%
M
100%
M
100%
N
100%
N
100%
N
100%
N
100%
N
100%
N
100%
N
100%
N
100%
N
100%
N
100%
N
100%
N
100%
N
100%
N
100%
N
100%
O
100%
O
100%
O
100%
O
100%
O
100%
O
100%
O
100%
O
100%
O
100%
O
100%
O
100%
O
100%
O
100%
O
100%
O
100%
O
100%
O
100%
O
100%
O
100%
P
100%
P
100%
R
100%
R
100%
R
100%
R
100%
R
100%
R
100%
R
100%
R
100%
R
100%
S
100%
S
100%
S
100%
S
100%
T
100%
T
100%
T
100%
T
100%
T
100%
T
100%
T
100%
U
100%
U
100%
U
100%
U
100%
U
100%
V
100%
V
100%
Word A
83%
E
83%
E
83%
L
80%
Word A
75%
A
75%
E
75%
E
75%
N
75%
N
75%
Word A
67%
Word B
67%
Word C
67%
D
67%
E
67%
E
67%
I
67%
L
67%
L
67%
L
67%
N
67%
O
67%
O
67%
R
67%
R
67%
R
67%
S
67%
S
67%
S
67%
S
67%
T
67%
U
67%
I
60%
N
60%
A
50%
A
50%
A
50%
Word B
50%
B
50%
Word B
50%
Word B
50%
Word B
50%
C
50%
D
50%
E
50%
E
50%
E
50%
H
50%
I
50%
I
50%
I
50%
I
50%
I
50%
I
50%
L
50%
L
50%
Word M
50%
M
50%
N
50%
N
50%
N
50%
N
50%
O
50%
P
50%
R
50%
R
50%
S
50%
S
50%
S
50%
S
50%
S
50%
S
50%
T
50%
T
50%
T
50%
T
50%
T
50%
T
50%
U
50%
U
50%
Word C
40%
G
40%
Word B
33%
C
33%
C
33%
C
33%
C
33%
Word C
33%
D
33%
D
33%
D
33%
F
33%
H
33%
H
33%
I
33%
I
33%
L
33%
L
33%
M
33%
O
33%
O
33%
P
33%
P
33%
P
33%
R
33%
R
33%
R
33%
R
33%
R
33%
S
33%
S
33%
T
33%
T
33%
T
33%
T
33%
T
33%
T
33%
T
33%
Y
33%
Word C
25%
G
25%
H
25%
L
25%
L
25%
L
25%
L
25%
L
25%
N
25%
S
25%
U
25%
V
25%
R
20%
C
17%
D
17%
A
0%
A
0%
A
0%
A
0%
Word A
0%
Word A
0%
Word A
0%
Word A
0%
A
0%
Word A
0%
A
0%
Word A
0%
A
0%
Word A
0%
A
0%
Word A
0%
Word A
0%
Word A
0%
A
0%
A
0%
A
0%
A
0%
A
0%
A
0%
A
0%
A
0%
B
0%
B
0%
Word B
0%
B
0%
Word B
0%
Word B
0%
Word B
0%
Word B
0%
Word B
0%
Word B
0%
Word B
0%
Word B
0%
Word B
0%
Word B
0%
Word B
0%
Word B
0%
Word B
0%
B
0%
C
0%
C
0%
C
0%
C
0%
Word C
0%
C
0%
C
0%
C
0%
C
0%
C
0%
C
0%
C
0%
C
0%
C
0%
C
0%
C
0%
C
0%
C
0%
C
0%
C
0%
C
0%
C
0%
C
0%
C
0%
C
0%
C
0%
C
0%
C
0%
Word C
0%
Word C
0%
Word C
0%
C
0%
Word C
0%
Word C
0%
Word C
0%
Word C
0%
Word C
0%
Word C
0%
Word C
0%
C
0%
Word C
0%
Word C
0%
C
0%
Word C
0%
Word C
0%
C
0%
Word C
0%
Word C
0%
Word C
0%
C
0%
Word C
0%
Word C
0%
Word C
0%
Word C
0%
Word C
0%
Word C
0%
D
0%
D
0%
D
0%
D
0%
D
0%
D
0%
D
0%
D
0%
D
0%
D
0%
D
0%
D
0%
D
0%
D
0%
D
0%
D
0%
D
0%
D
0%
D
0%
D
0%
D
0%
D
0%
D
0%
D
0%
D
0%
D
0%
D
0%
D
0%
E
0%
E
0%
E
0%
E
0%
E
0%
E
0%
E
0%
E
0%
E
0%
E
0%
E
0%
E
0%
E
0%
E
0%
E
0%
E
0%
E
0%
E
0%
E
0%
F
0%
F
0%
F
0%
F
0%
F
0%
F
0%
Word G
0%
Word G
0%
G
0%
G
0%
G
0%
G
0%
G
0%
G
0%
G
0%
G
0%
G
0%
G
0%
G
0%
H
0%
H
0%
H
0%
H
0%
H
0%
H
0%
H
0%
H
0%
H
0%
H
0%
H
0%
H
0%
H
0%
H
0%
H
0%
I
0%
Word I
0%
I
0%
I
0%
I
0%
I
0%
I
0%
I
0%
I
0%
I
0%
I
0%
I
0%
I
0%
I
0%
I
0%
I
0%
I
0%
I
0%
I
0%
I
0%
I
0%
I
0%
I
0%
I
0%
I
0%
I
0%
I
0%
I
0%
J
0%
J
0%
K
0%
K
0%
K
0%
L
0%
L
0%
L
0%
L
0%
L
0%
L
0%
L
0%
L
0%
L
0%
L
0%
L
0%
L
0%
L
0%
L
0%
L
0%
L
0%
L
0%
L
0%
L
0%
L
0%
L
0%
L
0%
L
0%
L
0%
M
0%
M
0%
M
0%
M
0%
M
0%
M
0%
M
0%
M
0%
M
0%
M
0%
M
0%
M
0%
M
0%
M
0%
M
0%
M
0%
N
0%
N
0%
N
0%
N
0%
N
0%
N
0%
N
0%
N
0%
N
0%
N
0%
N
0%
N
0%
N
0%
N
0%
N
0%
N
0%
N
0%
N
0%
N
0%
N
0%
N
0%
N
0%
N
0%
N
0%
N
0%
N
0%
N
0%
N
0%
N
0%
N
0%
N
0%
N
0%
O
0%
O
0%
O
0%
O
0%
O
0%
O
0%
O
0%
O
0%
O
0%
O
0%
O
0%
O
0%
O
0%
Word P
0%
P
0%
P
0%
P
0%
P
0%
P
0%
P
0%
P
0%
P
0%
P
0%
P
0%
P
0%
P
0%
P
0%
P
0%
P
0%
Q
0%
Q
0%
R
0%
R
0%
R
0%
R
0%
R
0%
R
0%
R
0%
R
0%
R
0%
R
0%
R
0%
R
0%
R
0%
R
0%
R
0%
R
0%
R
0%
R
0%
R
0%
R
0%
R
0%
R
0%
R
0%
R
0%
R
0%
Word S
0%
S
0%
S
0%
S
0%
Word S
0%
S
0%
S
0%
S
0%
S
0%
S
0%
S
0%
S
0%
S
0%
S
0%
T
0%
T
0%
T
0%
T
0%
T
0%
T
0%
T
0%
T
0%
T
0%
T
0%
T
0%
T
0%
T
0%
T
0%
T
0%
T
0%
T
0%
T
0%
T
0%
T
0%
T
0%
T
0%
T
0%
T
0%
T
0%
T
0%
T
0%
T
0%
T
0%
T
0%
T
0%
U
0%
U
0%
U
0%
U
0%
U
0%
U
0%
U
0%
U
0%
U
0%
U
0%
U
0%
U
0%
V
0%
Word V
0%
V
0%
V
0%
V
0%
V
0%
V
0%
V
0%
V
0%
W
0%
X
0%
X
0%
Y
0%
Y
0%
Y
0%
Y
0%
Y
0%
Y
0%
Y
0%
Y
0%
Y
0%
Y
0%
Y
0%
Y
0%
Y
0%
Y
0%
No matching quizzes found
Score Distribution
Percent of People with Each Score
Percentile by Number Answered
Your Score History
You have not taken this quiz